[Event "Festival de Montpellier - Masters"]
[Site "MONTPELLIER"]
[Date "2003.??.??"]
[Round "4.15"]
[White "Vajda, Szidonia"]
[Black "Meynard, Thibault"]
[Result "1-0"]
[WhiteElo "2403"]
[BlackElo "2231"]
[PlyCount "86"]

1. e4 c5 2. Nf3 Nc6 3. c3 Nf6 4. e5 Nd5 5. d4 cxd4 6. cxd4 d6 7. Bc4 Nb6 8. Bb5
dxe5 9. Nxe5 Bd7 10. Nxd7 Qxd7 11. O-O g6 12. Nc3 Rd8 13. Re1 h6 14. Qe2 e6 15.
Bf4 Bg7 16. d5 Nxd5 17. Nxd5 Qxd5 18. Rad1 Qc5 19. Rxd8+ Kxd8 20. Bxc6 bxc6 21.
Rd1+ Ke7 22. Bd6+ Qxd6 23. Rxd6 Kxd6 24. Qd3+ Kc7 25. Qa3 Kb6 26. Qe7 a5 27. b3
Bd4 28. Qxf7 e5 29. Kf1 g5 30. Qg7 Ra8 31. Qxh6 a4 32. Qxg5 axb3 33. axb3 Ra1+
34. Ke2 Ra2+ 35. Kd3 Rxf2 36. h4 Rb2 37. Qg8 Rb1 38. h5 Rh1 39. Qg6 Rh4 40. h6
Ba1 41. h7 Kb5 42. Qe4 Rh1 43. Qa4+ Kb6 1-0

[Event "Festival de Montpellier - Masters"]
[Site "MONTPELLIER"]
[Date "2003.??.??"]
[Round "4.17"]
[White "Lacrosse, Marc"]
[Black "Bratanov, Zsivko"]
[Result "0-1"]
[WhiteElo "2290"]
[BlackElo "2396"]
[PlyCount "28"]

1. d4 Nf6 2. c4 d6 3. Nc3 Bf5 4. f3 e5 5. d5 e4 6. Be3 Be7 7. Qd2 h5 8. g3 Nbd7
9. Qc2 Bg6 10. fxe4 h4 11. Bg2 Ng4 12. Bc1 Bf6 13. Nf3 h3 14. Bf1 Qe7 0-1

[Event "Festival de Montpellier - Masters"]
[Site "MONTPELLIER"]
[Date "2003.??.??"]
[Round "4.18"]
[White "Ravot, Sylvain"]
[Black "Boudre, Jean-Pierre"]
[Result "0-1"]
[WhiteElo "2176"]
[BlackElo "2392"]
[PlyCount "100"]

1. e4 e5 2. Nf3 Nc6 3. Bc4 Nf6 4. Ng5 d5 5. exd5 Na5 6. Bb5+ c6 7. dxc6 bxc6 8.
Bd3 h6 9. Ne4 Nd5 10. O-O g6 11. Re1 Bg7 12. Ng3 O-O 13. Be2 Nb7 14. d3 Nc5 15.
Nd2 Ne6 16. Nc4 Qc7 17. Bd2 a5 18. Qc1 Kh7 19. Rb1 a4 20. a3 Bd7 21. Ne4 Nd4
22. Bf1 f5 23. Nc3 Rfe8 24. Qd1 Be6 25. Ne2 c5 26. Ne3 Nf6 27. Nc3 h5 28. Nc4
Bd7 29. b4 axb3 30. cxb3 Bc6 31. a4 Rab8 32. Ne2 Nd5 33. Nxd4 cxd4 34. b4 e4
35. b5 Bd7 36. Kh1 Nc3 37. Bxc3 dxc3 38. b6 Qc6 39. dxe4 fxe4 40. a5 Bf5 41. a6
Rbd8 42. Qb3 e3 43. Rxe3 Bxb1 44. Rxe8 Rxe8 45. Qxb1 Bd4 46. b7 Ba7 47. Na5 Qc5
48. Qa2 Rf8 49. Bb5 Rxf2 50. Qa1 c2 0-1

[Event "Festival de Montpellier - Masters"]
[Site "MONTPELLIER"]
[Date "2003.??.??"]
[Round "4.19"]
[White "Karpatchev, Aleksandr"]
[Black "Ricbour, Jeremy"]
[Result "1-0"]
[WhiteElo "2397"]
[BlackElo "2098"]
[PlyCount "50"]

1. e4 c5 2. c3 d5 3. exd5 Qxd5 4. d4 Nc6 5. Nf3 Bg4 6. dxc5 e6 7. Qxd5 exd5 8.
Be3 Bxf3 9. gxf3 O-O-O 10. Bh3+ Kb8 11. Na3 a6 12. O-O-O Nge7 13. Bf4+ Ka7 14.
Bc7 g6 15. Bxd8 Bh6+ 16. Kb1 Rxd8 17. Nc2 Ne5 18. Nd4 N7c6 19. Bg2 Bg5 20. f4
Bxf4 21. Ne2 Bh6 22. Bxd5 Ne7 23. Bg2 Rc8 24. f4 N5c6 25. Rd7 Kb8 1-0

[Event "Festival de Montpellier - Masters"]
[Site "MONTPELLIER"]
[Date "2003.??.??"]
[Round "4.20"]
[White "Van Elst, Andreas"]
[Black "Bronznik, Valerij"]
[Result "0-1"]
[WhiteElo "2271"]
[BlackElo "2418"]
[PlyCount "158"]

1. d4 f5 2. Nc3 d5 3. Nf3 c6 4. Bf4 Nf6 5. e3 Qb6 6. Rb1 Nbd7 7. Bd3 Ne4 8. O-O
g6 9. Ne2 Bg7 10. c4 e6 11. b4 Qd8 12. cxd5 cxd5 13. Qc2 O-O 14. Rfc1 g5 15.
Bc7 Qe7 16. Ne5 Nef6 17. Nxd7 Bxd7 18. Qc5 Qf7 19. Be5 Rfc8 20. Qa5 a6 21. Rc7
Rxc7 22. Qxc7 Bb5 23. Qxf7+ Kxf7 24. Bxb5 axb5 25. Nc3 Bf8 26. Nxb5 Rxa2 27. f3
Ra6 28. Nc7 Ra3 29. Kf2 Nd7 30. Nb5 Ra2+ 31. Kg3 Nb6 32. e4 f4+ 33. Kh3 dxe4
34. Nc3 g4+ 35. Kxg4 Rxg2+ 36. Kxf4 Rxh2 37. fxe4 Rc2 38. Nb5 Nc4 39. Rh1 h6
40. d5 exd5 41. exd5 Rf2+ 42. Kg3 Rf5 43. Bf4 Rxd5 44. Nc7 Rd3+ 45. Kf2 Rd7 46.
Kf3 Bg7 47. Rh5 Kg6 48. Rb5 Rf7 49. Ke4 Re7+ 50. Kd5 Ne5 51. Rxb7 Kf5 52. Bh2
Rd7+ 53. Kc5 Bf8+ 54. Kb5 Nf3 55. Bg3 Kg4 56. Bf2 h5 57. Rb8 Bxb4 58. Rg8+ Kf5
59. Ne8 Be7 60. Rh8 Kg6 61. Kc6 Ne5+ 62. Kb6 Rd8 63. Kc7 Rd2 64. Bg3 Rc2+ 65.
Kb7 Nf7 66. Rg8+ Kf5 67. Ng7+ Kg4 68. Ne6+ Ng5 69. Be5 Rf2 70. Kc6 h4 71. Kd7
Rf7 72. Ke8 Rf5 73. Bd4 h3 74. Kxe7 h2 75. Nxg5 h1=Q 76. Ne6+ Kf3 77. Bf6 Kf2
78. Bd4+ Ke2 79. Bf6 Qb7+ 0-1

[Event "Festival de Montpellier - Masters"]
[Site "MONTPELLIER"]
[Date "2003.??.??"]
[Round "5.3"]
[White "Prie, Eric"]
[Black "Nevednichy, Vladislav"]
[Result "0-1"]
[WhiteElo "2435"]
[BlackElo "2593"]
[PlyCount "68"]

1. d4 Nf6 2. Nf3 g6 3. Bg5 Bg7 4. Nbd2 O-O 5. c3 d6 6. e4 c5 7. dxc5 dxc5 8.
Bc4 Nc6 9. O-O Qc7 10. Re1 a6 11. h3 b5 12. Bf1 c4 13. a4 Rb8 14. axb5 axb5 15.
Qe2 Nd7 16. Qe3 Qb6 17. Qxb6 Nxb6 18. Bf4 Rb7 19. Ra6 Bd7 20. Rc1 Rc8 21. Be3
Na4 22. Nxc4 Nb8 23. Rb6 Nxb6 24. Nxb6 Re8 25. Nxd7 Nxd7 26. Nd4 b4 27. cxb4
Rxb4 28. Nc6 Rxb2 29. Rd1 Ne5 30. Na7 Rb3 31. Bb5 Rb8 32. Bf4 R3xb5 33. Nxb5
Rxb5 34. Rd8+ Bf8 0-1

[Event "Festival de Montpellier - Masters"]
[Site "MONTPELLIER"]
[Date "2003.??.??"]
[Round "5.4"]
[White "Bratanov, Zsivko"]
[Black "Flear, Glenn C"]
[Result "0-1"]
[WhiteElo "2396"]
[BlackElo "2527"]
[PlyCount "56"]

1. d4 d5 2. c4 e6 3. Nf3 Nf6 4. Nc3 c6 5. Bg5 Nbd7 6. e3 Qa5 7. Nd2 dxc4 8.
Bxf6 Nxf6 9. Nxc4 Qc7 10. Be2 Be7 11. O-O O-O 12. a3 c5 13. Qb3 cxd4 14. exd4
b6 15. Ne5 Bb7 16. Bc4 Kh8 17. Nb5 Qd8 18. Qg3 a6 19. Nc3 b5 20. Ba2 Qxd4 21.
Rad1 Qb6 22. Ne2 Rad8 23. Nf4 Bd6 24. Rde1 Qc7 25. Re3 Bxe5 26. Rxe5 Qc2 27.
Bxe6 Ne4 28. Qh3 Rd1 0-1

[Event "Festival de Montpellier - Masters"]
[Site "MONTPELLIER"]
[Date "2003.??.??"]
[Round "5.5"]
[White "Kosten, Anthony C"]
[Black "Vajda, Szidonia"]
[Result "1-0"]
[WhiteElo "2514"]
[BlackElo "2403"]
[PlyCount "67"]

1. c4 c5 2. g3 Nf6 3. Nc3 d5 4. cxd5 Nxd5 5. Bg2 e6 6. Nf3 Nc6 7. O-O Be7 8.
Nxd5 Qxd5 9. d4 Qh5 10. dxc5 Bxc5 11. Bf4 O-O 12. Rc1 Bb6 13. h3 Qb5 14. Qc2
Nd4 15. Nxd4 Bxd4 16. Bd6 Rd8 17. Bc7 Re8 18. Rfd1 Bf6 19. b3 e5 20. Rd5 Qb4
21. Rc5 g6 22. Ba5 Qa3 23. Qd2 Rb8 24. Bc7 Ra8 25. Ba5 Rb8 26. Bc7 Ra8 27. Kh2
e4 28. Qf4 Bb2 29. R1c2 Qxa2 30. Qd2 Qa3 31. Bd6 Be6 32. Ra5 Qxb3 33. Rxb2 Qc4
34. Be5 1-0

[Event "Festival de Montpellier - Masters"]
[Site "MONTPELLIER"]
[Date "2003.??.??"]
[Round "5.7"]
[White "Chernuschevich, Alexei"]
[Black "Riff, Jean-Noel"]
[Result "1-0"]
[WhiteElo "2489"]
[BlackElo "2331"]
[PlyCount "127"]

1. d4 Nf6 2. c4 e6 3. Nc3 Bb4 4. e3 O-O 5. Nge2 d5 6. a3 Be7 7. Nf4 c6 8. b4
dxc4 9. Bxc4 b5 10. Be2 a5 11. Rb1 axb4 12. axb4 Nd5 13. Ncxd5 exd5 14. Qc2 Ra4
15. Bd2 Bd6 16. O-O Bxf4 17. exf4 Qf6 18. Bd3 h6 19. Rfe1 Ra3 20. Rbd1 Bg4 21.
f3 Bd7 22. Re5 Na6 23. Rde1 Nc7 24. f5 Rfa8 25. Bc1 Ra2 26. Qc3 Qh4 27. Bb2
R8a3 28. Qxa3 Rxa3 29. g3 Qh5 30. Bxa3 Qxf3 31. R1e3 Qd1+ 32. Kf2 Qd2+ 33. Be2
Qxd4 34. Re7 Ne8 35. Rxd7 Nf6 36. Rd8+ Kh7 37. Bf3 c5 38. bxc5 b4 39. Bc1 Qxc5
40. Bb2 Ne4+ 41. Bxe4 dxe4 42. f6 gxf6 43. Re8 Qc2+ 44. Re2 Qc5+ 45. Kf1 f5 46.
Re5 Qc8 47. Rf2 f6 48. Re7+ Kg6 49. g4 Qc4+ 50. Re2 b3 51. gxf5+ Kxf5 52. R7xe4
Qxe4 53. Rxe4 Kxe4 54. Bxf6 Kf5 55. Bh8 Kg4 56. Kg2 h5 57. Bb2 Kf4 58. Bc1+ Ke4
59. Kg3 Kd3 60. Kh4 Kc2 61. Ba3 Kb1 62. Kxh5 Ka2 63. Bc1 Kb1 64. Bg5 1-0

[Event "Festival de Montpellier - Masters"]
[Site "MONTPELLIER"]
[Date "2003.??.??"]
[Round "5.9"]
[White "Vajda, Albert"]
[Black "Pert, Richard G"]
[Result "1/2-1/2"]
[WhiteElo "2447"]
[BlackElo "2380"]
[PlyCount "61"]

1. e4 c5 2. Nf3 d6 3. c3 Nf6 4. Bd3 g6 5. Bc2 Bg7 6. h3 O-O 7. O-O Nc6 8. d3 e5
9. a3 b5 10. Be3 Bb7 11. b4 Nd7 12. a4 a6 13. axb5 axb5 14. Na3 cxb4 15. Nxb5
Ba6 16. c4 Nc5 17. Qd2 Qb6 18. Nxd6 Rfd8 19. Nb5 Bxb5 20. Rxa8 Rxa8 21. cxb5
Qxb5 22. Bxc5 Qxc5 23. Bb3 Nd4 24. Nxd4 Qxd4 25. Bd5 Ra1 26. Rxa1 Qxa1+ 27. Kh2
Qc3 28. Qg5 Qc7 29. h4 Qb6 30. d4 Qf6 31. Qxf6 1/2-1/2

[Event "Festival de Montpellier - Masters"]
[Site "MONTPELLIER"]
[Date "2003.??.??"]
[Round "5.10"]
[White "Estremera Panos, Sergio"]
[Black "Marcelin, Cyril"]
[Result "1/2-1/2"]
[WhiteElo "2370"]
[BlackElo "2503"]
[PlyCount "89"]

1. d4 Nf6 2. c4 e6 3. Nc3 Bb4 4. e3 b6 5. Bd3 Bb7 6. Nf3 O-O 7. O-O c5 8. Na4
cxd4 9. a3 Be7 10. exd4 d6 11. Re1 Nbd7 12. b4 Rc8 13. Bb2 Re8 14. Nc3 Bf8 15.
Nd2 d5 16. c5 e5 17. dxe5 Rxe5 18. cxb6 Rxe1+ 19. Qxe1 Nxb6 20. Bf5 Rc6 21. Nb5
a6 22. Nd4 Rc7 23. Qd1 g6 24. Bh3 Bg7 25. g3 Nc4 26. Nxc4 dxc4 27. Ne2 Qe8 28.
Bg2 Bxg2 29. Kxg2 Qe4+ 30. f3 Qd3 31. Rc1 Nd5 32. Qxd3 cxd3 33. Rxc7 Nxc7 34.
Bxg7 d2 35. Nc3 Kxg7 36. Nd1 Kf6 37. Kf2 Nb5 38. a4 Nd4 39. b5 axb5 40. axb5
Nxb5 41. Ke3 Ke5 42. Kxd2 Nd4 43. Ke3 Nc2+ 44. Kd2 Nd4 45. Ke3 1/2-1/2

[Event "Festival de Montpellier - Masters"]
[Site "MONTPELLIER"]
[Date "2003.??.??"]
[Round "5.11"]
[White "Touzane, Olivier"]
[Black "Pert, Nicholas"]
[Result "0-1"]
[WhiteElo "2328"]
[BlackElo "2483"]
[Annotator ",Joelle"]
[PlyCount "54"]

1. Nf3 Nf6 2. g3 d5 3. Bg2 c6 4. O-O Bg4 5. b3 Nbd7 6. Bb2 e6 7. c4 Bd6 8. d3
Qe7 9. Nbd2 Ba3 10. Qc1 Bxb2 11. Qxb2 a5 12. a3 O-O 13. h3 Bxf3 14. Nxf3 e5 15.
cxd5 Nxd5 16. e4 Nc7 17. d4 f6 18. Rad1 Nb5 19. b4 axb4 20. axb4 Kh8 21. d5 Nb6
22. dxc6 bxc6 23. Ra1 Qd6 24. Qb3 Rab8 25. Ra5 Rfd8 26. Re1 Nd7 27. Ra6 Rb6 {
suite illisible.} 0-1

[Event "Festival de Montpellier - Masters"]
[Site "MONTPELLIER"]
[Date "2003.??.??"]
[Round "5.12"]
[White "Miralles, Gilles"]
[Black "Sermier, Guillaume"]
[Result "1-0"]
[WhiteElo "2463"]
[BlackElo "2373"]
[PlyCount "145"]

1. e4 e6 2. d4 d5 3. Nd2 Nf6 4. e5 Nfd7 5. Bd3 c5 6. c3 Nc6 7. Ne2 cxd4 8. cxd4
Qb6 9. Nf3 f6 10. exf6 Nxf6 11. O-O Bd6 12. Nc3 Bd7 13. Be3 O-O 14. a3 Kh8 15.
b4 Be8 16. Ng5 Nd8 17. Rc1 Nf7 18. Nxe6 Bxh2+ 19. Kxh2 Qxe6 20. Kg1 Nd6 21. Re1
Qf7 22. Qf3 Bd7 23. Bg5 Nde4 24. Bxf6 Nxf6 25. Nb5 Bxb5 26. Bxb5 Rac8 27. Rxc8
Rxc8 28. Qf5 Rd8 29. Rc1 a6 30. Bd3 Re8 31. Rc8 Qe7 32. Rxe8+ Qxe8 33. Qe5 Qc8
34. g3 Qd8 35. Bf5 b6 36. Kg2 a5 37. Be6 axb4 38. axb4 h6 39. Bf5 g5 40. Qe6
Kg7 41. Qc6 Kf8 42. b5 Ng8 43. Qe6 Nf6 44. Bg6 Kg7 45. Qf7+ Kh8 46. g4 Qd6 47.
Bf5 Qd8 48. f3 Qd6 49. Kh3 Qd8 50. Be6 Nh7 51. Bxd5 Qf8 52. Qe6 Nf6 53. Qe5 Kg7
54. Bb3 Qd8 55. Be6 Qa8 56. d5 Qa3 57. Qc7+ Kh8 58. Kg2 Qb2+ 59. Kg3 Qa3 60.
Bf5 h5 61. gxh5 Nxh5+ 62. Kg4 Nf6+ 63. Kxg5 Qb2 64. Qd8+ Ng8 65. Be6 Qg2+ 66.
Kf4 Qd2+ 67. Ke5 Qc3+ 68. Kd6 Qc5+ 69. Kd7 Qxb5+ 70. Kc7 Qc5+ 71. Kb7 Qe7+ 72.
Qxe7 Nxe7 73. d6 1-0

[Event "Festival de Montpellier - Masters"]
[Site "MONTPELLIER"]
[Date "2003.??.??"]
[Round "5.14"]
[White "Giffard, Nicolas"]
[Black "Gozzoli, Yannick"]
[Result "1/2-1/2"]
[WhiteElo "2336"]
[BlackElo "2445"]
[PlyCount "20"]

1. d4 Nf6 2. c3 e6 3. Bg5 h6 4. Bh4 b6 5. Nd2 Bb7 6. Ngf3 c5 7. e3 Be7 8. a4
cxd4 9. exd4 d6 10. a5 O-O 1/2-1/2

[Event "Festival de Montpellier - Masters"]
[Site "MONTPELLIER"]
[Date "2003.??.??"]
[Round "5.16"]
[White "Parmentier, Xavier"]
[Black "Ionescu, Doru Alexandru"]
[Result "1/2-1/2"]
[WhiteElo "2347"]
[BlackElo "2406"]
[PlyCount "54"]

1. d4 Nf6 2. Nf3 c5 3. c4 e6 4. Nc3 cxd4 5. Nxd4 a6 6. g3 Qc7 7. Bg2 Qxc4 8.
O-O Nc6 9. Nb3 Be7 10. Bf4 d5 11. Rc1 Qb4 12. e4 dxe4 13. Bc7 O-O 14. Re1 Nd5
15. Nxd5 exd5 16. Qxd5 Be6 17. Qxe4 Qxe4 18. Bxe4 Rac8 19. Bb6 Bf6 20. Bc5 Rfe8
21. Ba3 Bxb3 22. axb3 g6 23. Bxc6 Rxe1+ 24. Rxe1 bxc6 25. Re4 Rb8 26. Ra4 Rb6
27. Bc5 Rxb3 1/2-1/2

[Event "Festival de Montpellier - Masters"]
[Site "MONTPELLIER"]
[Date "2003.??.??"]
[Round "5.18"]
[White "Maes, Wim"]
[Black "Santo-Roman, Marc"]
[Result "1/2-1/2"]
[WhiteElo "2294"]
[BlackElo "2381"]
[PlyCount "103"]

1. e4 Nf6 2. Nc3 d5 3. exd5 Nxd5 4. Bc4 Nxc3 5. Qf3 e6 6. bxc3 Be7 7. d4 O-O 8.
Ne2 c5 9. O-O Nc6 10. dxc5 Bxc5 11. Bf4 Qf6 12. Bd3 e5 13. Qe4 g6 14. Bg3 Qe7
15. Bh4 f6 16. Rab1 Bf5 17. Qa4 Be6 18. Bc4 Bxc4 19. Qxc4+ Kg7 20. Kh1 Bb6 21.
f3 Rac8 22. Qg4 Qf7 23. Rbd1 f5 24. Qa4 Bd8 25. Bxd8 Rfxd8 26. Rd3 Rd7 27. Rfd1
Rcd8 28. Kg1 Qe6 29. Qb3 Kf6 30. Kf1 b6 31. Qa4 Rd6 32. Kg1 Na5 33. Qh4+ Kg7
34. Qxd8 Rxd8 35. Rxd8 Qxa2 36. R1d7+ Kf6 37. f4 exf4 38. h4 Nc4 39. Nxf4 Ke5
40. Nd3+ Kf6 41. Nb4 Qb1+ 42. Rd1 Qb2 43. Re1 Kg7 44. Rd7+ Kh6 45. Nd5 Qxc2 46.
Nf6 g5 47. Ng8+ Kh5 48. Rxh7+ Kg6 49. Ree7 Qc1+ 50. Kh2 Qf4+ 51. Kg1 Qc1+ 52.
Kh2 1/2-1/2

[Event "Festival de Montpellier - Masters"]
[Site "MONTPELLIER"]
[Date "2003.??.??"]
[Round "5.19"]
[White "Flear, Christine"]
[Black "Dumitrache, Dragos"]
[Result "0-1"]
[WhiteElo "2239"]
[BlackElo "2492"]
[PlyCount "96"]

1. d4 Nf6 2. c4 e6 3. Nc3 Bb4 4. e3 b6 5. Nge2 Ba6 6. a3 Bxc3+ 7. Nxc3 d5 8. b3
Nc6 9. a4 O-O 10. Be2 Qd7 11. O-O Rfd8 12. Bb2 Na5 13. Nb5 c6 14. Na3 Rac8 15.
Rc1 c5 16. dxc5 dxc4 17. Bxf6 gxf6 18. Qxd7 Rxd7 19. cxb6 Nxb3 20. Bxc4 Nxc1
21. Bxa6 Rc3 22. b7 Rd8 23. g3 Nb3 24. Rb1 Rc1+ 25. Rxc1 Nxc1 26. Nb5 Nb3 27.
Nxa7 Nc5 28. Nc6 Rd1+ 29. Bf1 Nxb7 30. a5 Nc5 31. Kg2 Ra1 32. Bb5 Kf8 33. h4
Ra2 34. Kf3 f5 35. Kf4 f6 36. f3 Nb7 37. e4 fxe4 38. fxe4 Nxa5 39. Nxa5 Rxa5
40. Bc4 Ke7 41. g4 h6 42. Be2 Kd6 43. Bc4 Ra4 44. Bb5 Ra2 45. Bc4 Rf2+ 46. Ke3
Rh2 47. h5 Ke5 48. Bf1 Ra2 0-1

[Event "Festival de Montpellier - Masters"]
[Site "MONTPELLIER"]
[Date "2003.??.??"]
[Round "5.20"]
[White "Bricard, Emmanuel"]
[Black "Montheard, Xavier"]
[Result "1-0"]
[WhiteElo "2456"]
[BlackElo "2255"]
[PlyCount "127"]

1. d4 Nf6 2. c4 c5 3. d5 e6 4. Nc3 exd5 5. cxd5 d6 6. e4 g6 7. Nge2 Bg7 8. Ng3
O-O 9. Be2 Na6 10. O-O Nc7 11. a4 a6 12. Bf4 Qe7 13. Qd2 Re8 14. Bh6 Bd7 15.
Bxg7 Kxg7 16. f4 Red8 17. Rae1 b5 18. e5 dxe5 19. Bf3 Bc6 20. Rxe5 Qf8 21. f5
b4 22. fxg6 fxg6 23. Qe2 Re8 24. dxc6 bxc3 25. bxc3 Qd6 26. Re1 Rxe5 27. Qxe5
Qxe5 28. Rxe5 Re8 29. Rxc5 Re1+ 30. Kf2 Ra1 31. Rc4 Ra3 32. Ne4 Nfd5 33. Rd4
Nb6 34. Rd7+ Nxd7 35. cxd7 Ne6 36. Nc5 Nd8 37. Nb7 Kf6 38. Nxd8 Ke7 39. Ne6
Kxd7 40. Nf8+ Ke7 41. Nxh7 Rxa4 42. Ng5 a5 43. Ke3 Ra2 44. Nh3 a4 45. Nf4 g5
46. Nd5+ Kd8 47. Nb4 Rb2 48. Kd4 Ke7 49. Ke5 a3 50. Bd5 Rf2 51. h3 Kf8 52. Kd6
Rf1 53. Nc2 Rc1 54. Nxa3 Rxc3 55. Nb5 Rc1 56. Ke5 Kg7 57. Nd4 Kg6 58. Be4+ Kh5
59. Kf6 Rf1+ 60. Bf3+ g4 61. hxg4+ Kh6 62. g5+ Kh7 63. g6+ Kh8 64. Nf5 1-0

[Event "Festival de Montpellier - Masters"]
[Site "MONTPELLIER"]
[Date "2003.??.??"]
[Round "6.1"]
[White "Miezis, Normunds"]
[Black "Collas, Didier"]
[Result "1-0"]
[WhiteElo "2508"]
[BlackElo "2437"]
[PlyCount "95"]

1. c4 e6 2. e4 d5 3. exd5 exd5 4. d4 Bb4+ 5. Nc3 Nf6 6. Bd3 O-O 7. Nf3 Re8+ 8.
Be3 dxc4 9. Bxc4 Be6 10. Bxe6 Rxe6 11. O-O Nc6 12. Bg5 Bxc3 13. bxc3 Qd5 14.
Bxf6 Rxf6 15. Re1 Rd8 16. Qb3 Qxb3 17. axb3 Kf8 18. Ng5 Rf5 19. Ne4 b6 20. Ra4
a5 21. Rc4 Ne7 22. Rxc7 Nd5 23. Rb7 Re8 24. Kf1 Rf4 25. f3 Rh4 26. Rd7 f5 27.
Rxd5 fxe4 28. Rxe4 Rhxe4 29. Rf5+ Kg8 30. fxe4 Rxe4 31. Kf2 Re6 32. c4 Re4 33.
Rd5 Kf7 34. Kf3 Re7 35. Rf5+ Kg8 36. Rb5 Re6 37. c5 bxc5 38. dxc5 Ra6 39. Rb6
Ra8 40. c6 Kf7 41. Ke4 a4 42. bxa4 Rxa4+ 43. Kd5 Ke7 44. Rb7+ Kd8 45. Rxg7 Rh4
46. h3 Kc8 47. Kc5 Kd8 48. Rg4 1-0

[Event "Festival de Montpellier - Masters"]
[Site "MONTPELLIER"]
[Date "2003.??.??"]
[Round "6.2"]
[White "Nevednichy, Vladislav"]
[Black "Kosten, Anthony C"]
[Result "1/2-1/2"]
[WhiteElo "2593"]
[BlackElo "2514"]
[PlyCount "132"]

1. e4 e5 2. Nf3 Nc6 3. Bc4 Nf6 4. d3 Bc5 5. c3 a6 6. Bb3 Ba7 7. h3 d6 8. Nbd2
h6 9. Nf1 Be6 10. Ng3 O-O 11. O-O Re8 12. Re1 d5 13. exd5 Nxd5 14. Bd2 Qf6 15.
Ne4 Qe7 16. Qe2 Rad8 17. Bc2 f6 18. Ng3 Qf7 19. Bb3 Na5 20. Ba4 b5 21. Bc2 Nf4
22. Bxf4 exf4 23. Ne4 Bd5 24. Qf1 c5 25. Ned2 Bb6 26. a3 Nb3 27. Nxb3 Bxb3 28.
Bxb3 Qxb3 29. Rxe8+ Rxe8 30. Re1 Kf7 31. Rxe8 Kxe8 32. Qe2+ Kd7 33. c4 bxc4 34.
dxc4 Bc7 35. h4 g5 36. h5 Bd6 37. Qe4 Qxb2 38. Qh7+ Kc6 39. Qe4+ Kc7 40. Qh7+
Kb6 41. Qd3 Bc7 42. Kf1 g4 43. Nd2 Qa1+ 44. Ke2 Qe5+ 45. Qe4 Qxh5 46. Qe6+ Ka7
47. f3 Qe5+ 48. Qxe5 gxf3+ 49. Kxf3 fxe5 50. Ke4 Kb6 51. Kd5 h5 52. Ne4 h4 53.
Nxc5 f3 54. gxf3 h3 55. Ne4 h2 56. Nf2 Bb8 57. Nh1 Ka5 58. Kc6 Ka4 59. Kb7 Kxa3
60. Kxb8 Kb4 61. Kb7 Kxc4 62. Kxa6 Kd3 63. Ng3 Ke3 64. Nf1+ Kxf3 65. Nxh2+ Kg2
66. Ng4 e4 1/2-1/2

[Event "Festival de Montpellier - Masters"]
[Site "MONTPELLIER"]
[Date "2003.??.??"]
[Round "6.4"]
[White "Hebden, Mark"]
[Black "Chernuschevich, Alexei"]
[Result "1-0"]
[WhiteElo "2544"]
[BlackElo "2489"]
[PlyCount "70"]

1. d4 Nf6 2. Nf3 e6 3. c3 c5 4. Bg5 d5 5. Nbd2 cxd4 6. cxd4 Qb6 7. Rb1 Nc6 8.
e3 Ne4 9. Nxe4 dxe4 10. Nd2 Qa5 11. Bf4 Qxa2 12. Bc4 Qa5 13. O-O Qb4 14. Qe2 f5
15. f3 exf3 16. Nxf3 Bd6 17. d5 exd5 18. Bxd5 Ne7 19. Bc4 Bd7 20. Ne5 Bxe5 21.
Bxe5 O-O-O 22. Rbc1 Nc6 23. Bxg7 Rhg8 24. Bxg8 Rxg8 25. Be5 Be6 26. Bg3 Qe4 27.
Rf4 Qd5 28. Rd4 Qb3 29. Qf3 Bd7 30. Qf4 Rxg3 31. Qxg3 Qxb2 32. Rxc6+ bxc6 33.
Qg8+ Kc7 34. Qg7 Qb1+ 35. Kf2 Qc2+ 1-0

[Event "Festival de Montpellier - Masters"]
[Site "MONTPELLIER"]
[Date "2003.??.??"]
[Round "6.6"]
[White "Pert, Richard G"]
[Black "Miralles, Gilles"]
[Result "1/2-1/2"]
[WhiteElo "2380"]
[BlackElo "2463"]
[PlyCount "94"]

1. e4 c6 2. d4 d5 3. Nc3 dxe4 4. Nxe4 Nd7 5. Nf3 Ngf6 6. Nxf6+ Nxf6 7. h3 g6 8.
Bc4 Bg7 9. O-O O-O 10. c3 Bf5 11. Re1 Be4 12. Bg5 Bd5 13. Bd3 Re8 14. Ne5 Nd7
15. Ng4 Qb6 16. Qd2 e5 17. dxe5 Nxe5 18. Nf6+ Bxf6 19. Bxf6 Nd7 20. Bg5 f6 21.
Bh4 Qc5 22. Bc2 a5 23. Rad1 Kg7 24. Qf4 Rxe1+ 25. Rxe1 Rf8 26. Qc7 Rf7 27. Qxb7
Bxa2 28. Bg3 Bd5 29. Qc8 Nb6 30. Qg4 Nc4 31. Bf4 Re7 32. Rxe7+ Qxe7 33. b3 Qe1+
34. Kh2 Ne5 35. Qg3 Qe2 36. Bxe5 fxe5 37. Bd3 Qe1 38. c4 Bf7 39. Qf3 Qc3 40.
Qe2 c5 41. g3 Qxb3 42. Qxe5+ Kg8 43. Be4 Qxc4 44. Qb8+ Kg7 45. Qe5+ Kf8 46.
Qd6+ Kg8 47. Qb8+ Kg7 1/2-1/2

[Event "Festival de Montpellier - Masters"]
[Site "MONTPELLIER"]
[Date "2003.??.??"]
[Round "6.7"]
[White "Libiszewski, Fabien"]
[Black "Vajda, Albert"]
[Result "1/2-1/2"]
[WhiteElo "2458"]
[BlackElo "2447"]
[PlyCount "78"]

1. e4 c6 2. d4 d5 3. Nc3 dxe4 4. Nxe4 Bf5 5. Ng3 Bg6 6. h4 h6 7. Nf3 Nd7 8. h5
Bh7 9. Bd3 Bxd3 10. Qxd3 e6 11. Bf4 Ngf6 12. O-O-O Be7 13. Kb1 a5 14. Ne4 Nxe4
15. Qxe4 Nf6 16. Qe2 Qd5 17. Ne5 a4 18. Rhe1 b5 19. g4 Ra7 20. a3 Rb7 21. Rd3
Nd7 22. Bd2 O-O 23. Rg1 b4 24. axb4 Nxe5 25. dxe5 Qb5 26. g5 hxg5 27. Rg4 Rfb8
28. h6 gxh6 29. Qe4 Kg7 30. c4 Qa6 31. Rh3 Rxb4 32. Bxb4 Rxb4 33. Qh1 Qb6 34.
Rxh6 Rxb2+ 35. Ka1 Ra2+ 36. Kxa2 Qb3+ 37. Ka1 Qc3+ 38. Kb1 Qb3+ 39. Ka1 Qa3+
1/2-1/2

[Event "Festival de Montpellier - Masters"]
[Site "MONTPELLIER"]
[Date "2003.??.??"]
[Round "6.9"]
[White "Karpatchev, Aleksandr"]
[Black "Williams, Simon"]
[Result "1-0"]
[WhiteElo "2397"]
[BlackElo "2381"]
[PlyCount "85"]

1. e4 e6 2. d4 d5 3. e5 c5 4. c3 Nc6 5. Nf3 Qb6 6. Be2 Nh6 7. Bxh6 gxh6 8. Qd2
Bg7 9. O-O O-O 10. Na3 cxd4 11. cxd4 Bd7 12. Nc2 a5 13. Rab1 f6 14. exf6 Rxf6
15. b4 axb4 16. Nxb4 Qa7 17. Nxc6 Bxc6 18. Ne5 Qxa2 19. Rb2 Qa5 20. Qe3 Qc7 21.
g3 Rff8 22. Bg4 Rae8 23. Rc1 Bxe5 24. dxe5 Qg7 25. h3 Qg6 26. Rb4 Kh8 27. Qe2
Ra8 28. Rd1 Ra3 29. Kh2 Rc3 30. Rbd4 Rc2 31. R4d2 Rc4 32. Rd4 b5 33. R1d2 Rc1
34. Qe3 b4 35. Rb2 Rc3 36. Qd2 h5 37. Bd1 Kg7 38. Rbxb4 Rc5 39. Rf4 d4 40. Rxf8
Kxf8 41. Qxd4 Rd5 42. Qf4+ Qf5 43. Bf3 1-0

[Event "Festival de Montpellier - Masters"]
[Site "MONTPELLIER"]
[Date "2003.??.??"]
[Round "6.10"]
[White "Cioara, Andrei Nestor"]
[Black "Marcelin, Cyril"]
[Result "1/2-1/2"]
[WhiteElo "2394"]
[BlackElo "2503"]
[PlyCount "52"]

1. e4 c5 2. Nf3 Nc6 3. d4 cxd4 4. Nxd4 Nf6 5. Nc3 d6 6. f3 e6 7. Be3 Be7 8. g4
O-O 9. Qd2 d5 10. g5 Nd7 11. exd5 Nxd4 12. Qxd4 Bc5 13. Qd2 Bxe3 14. Qxe3 exd5
15. O-O-O Nb6 16. Nb5 Bd7 17. Nd4 Qc7 18. h4 Rfe8 19. Qd2 Qe5 20. f4 Qe3 21.
Bd3 Qxd2+ 22. Kxd2 Na4 23. b3 Nc5 24. Rde1 f6 25. Rxe8+ Rxe8 26. Re1 Rxe1
1/2-1/2

[Event "Festival de Montpellier - Masters"]
[Site "MONTPELLIER"]
[Date "2003.??.??"]
[Round "6.11"]
[White "Dumitrache, Dragos"]
[Black "Boudre, Jean-Pierre"]
[Result "1-0"]
[WhiteElo "2492"]
[BlackElo "2392"]
[PlyCount "51"]

1. d4 Nf6 2. c4 e6 3. Nc3 Bb4 4. e3 O-O 5. Bd3 d5 6. Nf3 c5 7. O-O cxd4 8. exd4
dxc4 9. Bxc4 Nbd7 10. Bg5 Bxc3 11. bxc3 Qa5 12. Rc1 b6 13. Re1 Ba6 14. Bb3 Qf5
15. Bc2 Qd5 16. Ne5 Rac8 17. Bb3 Qb7 18. Re3 Nxe5 19. dxe5 Ne4 20. Bh4 Nc5 21.
Qg4 Kh8 22. Rg3 f5 23. exf6 gxf6 24. Bxe6 Nxe6 25. Qxe6 Qf7 26. Bxf6+ 1-0